000 01429nam a2200361 c 4500
003 BLK
005 20240812125829.0
008 180411b bul|||||r ||||||| ||bul||
010 _aKNG00180449000
020 _a978-954-27-1344-9
_bиздат.: Егмонт България
040 _aBLK
041 _aBUL
_cBUL
072 7 _2bullib
_aН83
_xЧужда художествена литература Н
080 _aАмериканска литература (на САЩ)
_b821.111(73)
_x-31
_z821.111(73)-31
100 1 _aАрментраут, Дженифър Л.
_eпърви автор
_9382584
700 1 _aЯнков, Мартин
_eпрев. от англ.
_9382767
139 _aАрментраут, Дженифър Л.
_bА 86
245 1 0 _aОснова
_bРоман
_cДженифър Л. Арментраут; прев. от англ. Мартин Янков.
257 _aUSA
260 София
_bЕгмонт България
_c2014
_fСофия : Инвестпрес
300 _a400 с.
_c20 см
380 _aX
490 1 _aЛукс
_vКн. 4
500 _aОриг. загл.: Origin / Jennifer L. Armentrout
653 _aромани
659 _aН
852 _aЦб 270421
856 4 _qpdf
_u
856 4 _qpdf
_u
942 _cKNG
_n0
_020
944 _aCR
_c27.08.2015
_k30564
_lГалина Якимова
944 _aED
_c30.08.2016
_kГеновева_Генчева
999 _c172142
_d172142